MLB baseball players whose last names are common first names - Statistics

General Stats
  • This quiz has been taken 265 times
  • The average score is 8 of 24
Answer Stats
Hint Answer % Correct
Astros Pitcher 1981-1988 Nolan Ryan
73%
White Sox First Baseman 1990-2005 Frank Thomas
69%
Braves Outfielder 1954-1974 Hank Aaron
62%
Phillies First Baseman 2004-current Ryan Howard
59%
Royals Third Baseman 1973-1993 George Brett
58%
Reds Second Baseman 1972-1979 Joe Morgan
44%
Yankees Manager 1975-1979 Billy Martin
42%
Giants First Baseman 1986-1993 Will Clark
39%
Reds Outfielder 2008-current Jay Bruce
36%
Phillies Pitcher 1972-1986 Steve Carlton
33%
Mets Pitcher 2012-current Matt Harvey
30%
Indians Pitcher 2002-2009 Cliff Lee
28%
Marlins Second Baseman 2015-current Dee Gordon
26%
Athletics Pitcher 1986-1992 Dave Stewart
25%
Cardinals Pitcher 1930-1937 Dizzy Dean
24%
Cardinals Outfielder 1964-1979 Lou Brock
24%
Twins Reliever 2004-2011 Joe Nathan
18%
Giants Outfielder 1987-1991 Kevin Mitchell
18%
Giants Pitcher 1962-1971 Gaylord Perry
16%
Reds First Baseman 1998-2005 Sean Casey
13%
Giants Manager 1985-1992 Roger Craig
12%
Dodgers Second Baseman 1969-1986 Bill Russell
10%
Tigers Reliever 2003-2009 Fernando Rodney
6%
Giants Outfielder 1981-1988 Jeffrey Leonard
5%
No matching quizzes found
Score Distribution
Percent of People with Each Score
Percentile by Number Answered
Your Score History
You have not taken this quiz